000 00726nam a2200229Ia 4500
008 191130s1999##################000#0#eng##
020 _a9780486402765
022 _a689141
040 _aACL
_cACL
082 _a745.4095 KAT
100 _aKate, Maggie
245 _aReady-to-use oriental designs : 495 different copyright-free designs printed one side
_cselected and arranged by Maggie Kate
260 _aMineola, NY
_bDover Publications
_cc1999
300 _a32 leaves : all col. ill. ; 28 cm
500 _aCover title
650 _aArt, Asian
650 _aClip art
650 _aDecoration and ornament - East Asia
990 _a81d3dc0bac10000c29581603e23b7317
991 _a322751
999 _c285470
_d285470